| 000 | nam a22 a 4500 | ||
|---|---|---|---|
| 999 |
_c1917 _d1917 |
||
| 005 | 20170512120554.0 | ||
| 008 | 170512b1979 xxu||||| |||| 00| 0 eng d | ||
| 020 | _a0876205023 | ||
| 040 | _aAKMAL | ||
| 082 | _a345.73 RUB | ||
| 090 |
_a345.73 _bRUB |
||
| 100 |
_aRubin, H. Ted _d1926- _93984 |
||
| 245 | 1 | 0 |
_aJuvenile justice _bpolicy, practice, and law / _cH. Ted Rubin. |
| 260 |
_aSanta Monica, Calif. _bGoodyear _c[1979] |
||
| 300 |
_axvii,299p _c24cm |
||
| 650 |
_aJuvenile justice, Administration of _zUnited States. _93985 |
||
| 650 |
_aJuvenile courts. _zUnited States. _93986 |
||
| 942 |
_2ddc _cBOOK |
||